ドラゴンクエストIX(DQ9) 特技 - Statistics

General Stats
  • This quiz has been taken 46 times
  • The average score is 32 of 148
Answer Stats
スキル 習得条件 Answer % Correct
SP88 ギガスラッシュ
69%
SP58 はやぶさ斬り
67%
SP13 メタル斬り
64%
秘伝書 ギガブレイク
56%
オノ SP58 まじんぎり
51%
ヤリ SP88 さみだれづき
49%
SP3 ドラゴン斬り
46%
ヤリ SP58 一閃づき
46%
ヤリ 秘伝書 ジゴスパーク
46%
はくあい SP82 におうだち
46%
ムチ SP88 双竜打ち
44%
SP35 ミラクルソード
41%
オノ SP35 かぶとわり
41%
素手 SP25 せいけんづき
41%
短剣 SP35 タナトスハント
38%
短剣 秘伝書 ヒュプノスハント
38%
おたから SP10 ぬすむ
38%
ヤリ SP3 しっぷうづき
36%
素手 SP42 ばくれつけん
36%
フォース SP4 ファイアフォース
36%
フォース SP16 アイスフォース
36%
イベント おうえん
36%
SP22 黄泉送り
33%
SP18 だいぼうぎょ
33%
ゆうかん SP8 かばう
33%
フォース SP55 ダークフォース
33%
短剣 SP3 ポイズンダガー
31%
ヤリ SP13 けものづき
31%
秘伝書 ふっかつのつえ
31%
SP76 氷結らんげき
31%
ツメ SP58 タイガークロー
31%
SP6 シールドアタック
31%
きあい SP16 ためる
31%
きあい SP82 めいそう
31%
きょくげい SP4 火ふき芸
31%
フォース SP82 ライトフォース
31%
オノ SP88 オノむそう
28%
ハンマー 秘伝書 ビッグバン
28%
素手 SP3 石つぶて
28%
きょくげい SP32 ツッコミ
28%
とうこん SP10 とうこん討ち
28%
フォース SP32 ストームフォース
28%
ムチ 秘伝書 地這い大蛇
26%
ゆうかん SP28 くちぶえ
26%
まほう SP8 魔結界
26%
まほう SP68 魔力かくせい
26%
きょくげい SP82 キラージャグリング
26%
短剣 SP58 アサシンアタック
23%
SP44 しゅくふくのつえ
23%
ムチ SP9 愛のムチ
23%
秘伝書 ハッスルダンス
23%
オノ SP13 蒼天魔斬
23%
とうこん SP22 すてみ
23%
とうこん SP100 テンションバーン
23%
サバイバル SP32 ステルス
23%
サバイバル SP82 オオカミアタック
23%
はくあい SP32 MPパサー
23%
SP9 あしばらい
21%
秘伝書 天地のかまえ
21%
ツメ 秘伝書 ゴッドスマッシュ
21%
SP58 さみだれうち
21%
ブーメラン SP7 パワフルスロー
21%
素手 SP77 岩石おとし
21%
SP40 ミラーシールド
21%
ゆうかん SP100 やいばくだき
21%
きあい SP4 おたけび
21%
おたから SP100 おたからさがし
21%
きょくげい SP16 ボケ
21%
とうこん SP68 無心こうげき
21%
はくあい 秘伝書 グランドネビュラ
21%
さとり 秘伝書 やまびこのさとり
21%
オーラ SP100 バックダンサー呼び
21%
オーラ 秘伝書 ゴールドシャワー
21%
はくあい SP16 HPパサー
21%
SP42 なぎはらい
18%
ツメ SP35 ネイルスクラッチ
18%
SP88 おうぎのまい
18%
秘伝書 シャイニングボウ
18%
オノ SP4 たいぼく斬
18%
ハンマー SP88 ランドインパクト
18%
ブーメラン SP22 スライムブロウ
18%
ブーメラン SP88 メタルウィング
18%
ブーメラン 秘伝書 ギガスロー
18%
SP32 ビッグシールド
18%
SP82 うけながしのかまえ
18%
しんこう心 秘伝書 ひかりのはどう
18%
サバイバル SP16 みのがす
18%
ヤリ SP22 きゅうしょづき
15%
SP21 悪魔ばらい
15%
SP4 花ふぶき
15%
SP13 といきがえし
15%
オノ 秘伝書 森羅万象斬
15%
素手 秘伝書 ミラクルムーン
15%
ゆうかん SP70 ロストアタック
15%
しんこう心 SP8 かみのおつげ
15%
しんこう心 SP48 ゾンビガード
15%
まほう SP46 せいしんとういつ
15%
おたから SP68 みやぶる
15%
ムチ SP42 ねむり打ち
13%
ツメ SP4 ウィングブロウ
13%
ツメ SP13 裂鋼拳
13%
ツメ SP88 ゴールドフィンガー
13%
SP13 バードシュート
13%
ハンマー SP35 ラストバッター
13%
ブーメラン SP42 シャインスコール
13%
しんこう心 SP90 聖なる祈り
13%
まほう 秘伝書 つきのはどう
13%
おたから SP42 とうぞくのはな
13%
きょくげい SP55 タップダンス
13%
はくあい SP55 みがわり
13%
さとり SP10 ダーマのさとり
13%
さとり SP22 いやしの雨
13%
オーラ SP10 サインぜめ
13%
オーラ SP68 スポットライト
13%
ムチ SP3 らせん打ち
10%
ムチ SP76 ヒールウィップ
10%
ブーメラン SP58 バーニングバード
10%
素手 SP12 かまいたち
10%
しんこう心 SP70 聖女の守り
10%
まほう SP26 ぶきみなひかり
10%
きょくげい 秘伝書 たたかいのうた
10%
サバイバル SP4 なだめる
10%
サバイバル SP55 まもりのきり
10%
さとり SP42 いてつくはどう
10%
さとり SP68 神秘のさとり
10%
オーラ SP22 スキャンダル
10%
オーラ SP42 メイクアップ
10%
短剣 SP88 バンパイアエッジ
8%
SP7 まふうじのつえ
8%
ムチ SP22 しばり打ち
8%
SP58 風姿花伝
8%
SP35 ニードルショット
8%
SP88 天使の矢
8%
ハンマー SP4 ハートブレイク
8%
ハンマー SP13 ゴールドハンマー
8%
ハンマー SP58 ドラムクラッシュ
8%
ブーメラン SP3 クロスカッター
8%
SP66 まもりのたて
8%
しんこう心 SP28 おはらい
8%
きあい SP32 ふとうふくつ
8%
きあい SP55 しんとうめっきゃく
8%
おたから SP22 おとしあな
8%
とうこん SP42 もろば斬り
8%
はくあい SP4 やいばのぼうぎょ
8%
短剣 SP13 キラーブーン
5%
SP35 波紋演舞
5%
SP3 マジックアロー
5%
ゆうかん SP48 体当たり
5%
No matching quizzes found
Score Distribution
Percent of People with Each Score
Percentile by Number Answered
Your Score History
You have not taken this quiz